| 000 | 00629nam a2200193 a 4500 | ||
|---|---|---|---|
| 001 | 3406202 | ||
| 005 | 20250221192447.0 | ||
| 008 | 891116s1989 okua 000 0 eng | ||
| 020 |
_a0925976008 : _c$15.00 |
||
| 050 | 0 | 0 |
_aRC933 _b.S64 1989 |
| 082 | 0 | 0 |
_a616.7/22 _220 |
| 100 | 1 | _aSpencer, Toni. | |
| 245 | 1 | 0 |
_aArthritis self-preservation : _barthritis can't make me cry / _cby Toni Spencer ; [forward [sic] by Arnold L. Katz]. |
| 260 |
_aTulsa, OK : _bJigsaw Pub. House, _cc1989. |
||
| 300 |
_a158 p. : _bill. ; _c22 cm. |
||
| 650 | 0 |
_aArthritis _xPatients _xRehabilitation. |
|
| 650 | 0 | _aSelf, Care, Health. | |
| 942 |
_2lcc _cBK _n0 |
||
| 999 |
_c4063 _d4063 |
||